(Fifty thousand) 50000 deaths and a snake bite fanatic/ (Record no. 40351)

MARC details
000 -LEADER
fixed length control field 00675nam a22001937a 4500
005 - DATE AND TIME OF LATEST TRANSACTION
control field 20100809133757.0
010 ## - LCCN (DPL NO)
LC control number ENG-99097
020 ## - INTERNATIONAL STANDARD BOOK NUMBER
Terms of availability 160.00
035 ## - SYSTEM CONTROL NUMBER
System control number EN-82629
037 ## - SOURCE OF ACQUISITION
Source of stock number/acquisition DBAD/PUB
082 ## - DEWEY DECIMAL CLASSIFICATION NUMBER
Classification number 597.96
100 ## - MAIN ENTRY--PERSONAL NAME
Personal name Majumdar, Dayal Bandhu
245 ## - TITLE STATEMENT
Title (Fifty thousand) 50000 deaths and a snake bite fanatic/
Statement of responsibility, etc by Dayal Bandhu Majumdar
260 ## - PUBLICATION, DISTRIBUTION, ETC. (IMPRINT)
Place of publication, distribution, etc Titagarh
Name of publisher, distributor, etc Soft Point
Date of publication, distribution, etc 2009
270 ## - ADDRESS
Address 51,Station Road
City Kolkata
Postal code 700119
300 ## - PHYSICAL DESCRIPTION
Extent 120p.:
Other physical details ill
Dimensions 22cm (pbk)
942 ## - ADDED ENTRY ELEMENTS (KOHA)
Source of classification or shelving scheme Dewey Decimal Classification
Item type English Books
Classification part 597.96
Call number suffix MAJ
Holdings
Withdrawn status Lost status Not for loan Collection code Home library Current library Date acquired Cost, normal purchase price Full call number Barcode Copy number Cost, replacement price Koha item type
    Not For Loan Non-fiction D.B.Act.Division D.B.Act.Division 09/08/2010 160.00 597.96 MAj EN-82629 1 160.00 English Books

© Delhi Public Library
Hit Counter
free hit counter